Statistics for amy winehouse all lyrics - back to black

Click here to take the quiz!

General Stats

  • This quiz has been taken 558 times
    (547 since last reset)
  • The average score is 185 of 217

Answer Stats

Answer% Correct
to
100%
a
99%
back
99%
go
99%
he
99%
i
99%
and
98%
black
98%
black.
98%
you
98%
time
97%
we
97%
her
95%
on
93%
with
93%
no
91%
said
91%
goodbye
90%
hundred
90%
only
89%
times
89%
words
88%
died
87%
regret
83%
his
82%
my
81%
left
80%
wet
78%
dick
77%
me
76%
kept
74%
tears
71%
dry
70%
same
70%
head
69%
old
69%
high
68%
so
67%
guy
66%
love
66%
without
65%
bet
63%
went
63%
what
63%
get
62%
all
61%
that
60%
far
59%
safe
59%
from
56%
the
56%
us
56%
knew
55%
through
55%
much
53%
not
52%
are
51%
it's
51%
i'll
50%
is
50%
like
48%
removed
48%
track
48%
enough
47%
i'm
45%
stacked
45%
inside
44%
troubled
44%
life
43%
up
43%
penny
42%
rollin'
42%
odds
41%
tiny
41%
walls
41%
blow
40%
puff
39%
pipe
32%
tread
31%

Score Distribution

Percentile by Number Answered

Percent of People with Each Score

Your Score History

You have not taken this quiz since the last reset